| 000 | 00457nam a22001697a 4500 | ||
|---|---|---|---|
| 003 | BD-ChCU | ||
| 005 | 20260226132024.0 | ||
| 008 | 260226b bg ||||| |||| 00| 0 ben d | ||
| 040 | _cBD-ChCU | ||
| 082 | _a364.36 TAJ | ||
| 100 |
_aTappan , Paul W. _920654 |
||
| 245 |
_aJuvenile Delinquency ./ _cPaul W. Tappan. |
||
| 260 |
_aNew York : _bMcGraw - hill . _cC 1949 |
||
| 300 | _ax, 613p. | ||
| 650 | 0 |
_aJuvenile Delinquency . _920655 |
|
| 942 |
_2ddc _cBK _n0 |
||
| 999 |
_c111775 _d111775 |
||